Guess my airports from IATA codes - Statistics

General Stats
  • This quiz has been taken 166 times
  • The average score is 33 of 59
Answer Stats
IATA code Airport % Correct
AMS Amsterdam
99%
CDG Paris - Charles de Gaulle
96%
JFK New York - John F. Kennedy
95%
OSL Oslo - Gardermoen
94%
LHR London - Heathrow
93%
MAD Madrid - Barajas
93%
ZRH Zurich
93%
FRA Frankfurt
92%
IST Istanbul - Atatürk
92%
HAM Hamburg
91%
STN London - Stansted
91%
ATH Athens
90%
DUB Dublin
90%
PHX Phoenix
90%
LUX Luxembourg
88%
FCO Rome - Fiumicino
88%
CPH Copenhagen
87%
MUC Munich
84%
SIN Singapore
84%
LAS Las Vegas
82%
DUS Düsseldorf
80%
KUL Kuala Lumpur
80%
ARN Stockholm - Arlanda
77%
TXL Berlin - Tegel
67%
GLA Glasgow
66%
INN Innsbruck
65%
GIG Rio de Janeiro - Galeao
64%
GRU Sao Paulo - Guarulhos
60%
SXF Berlin - Schönefeld
59%
KEF Keflavik
59%
PMI Palma de Mallorca
55%
SGN Ho Chi Minh City
54%
AGP Malaga
50%
CGN Cologne / Bonn
47%
HAN Hanoi
47%
HER Heraklion
47%
CGK Jakarta
47%
SCL Santiago de Chile
47%
SCQ Santiago de Compostela
47%
BWI Baltimore / Washington
42%
LEJ Leipzig
36%
OLB Olbia
36%
ORK Cork
35%
CUR Curacao
35%
HHN Frankfurt - Hahn
29%
SVG Stavanger
23%
SXM Sint Maarten
21%
SUB Surabaya
12%
VIT Vitoria
12%
JOG Yogyakarta
12%
DAD Da Nang
11%
TFS Teneriffa South
10%
SAB Saba
9%
UPG Makassar
7%
KIR Kerry
5%
RNN Ronne
4%
EUX Sint Eustatius
4%
GTO Gorontalo
3%
PMC Puerto Montt
3%
No matching quizzes found
Score Distribution
Percent of People with Each Score
Percentile by Number Answered
Your Score History
You have not taken this quiz